Teología de la Solidaridad: Una visión internacional

Tallennettuna:
Bibliografiset tiedot
Päätekijä: Richard, Pablo
Aineistotyyppi: Kirja
Kieli:Spanish
Julkaistu: San José, Costa Rica DEI 1985
Aiheet:
Tagit: Lisää tagi
Ei tageja, Lisää ensimmäinen tagi!

MARC

LEADER 00000nam a22000007a 4500
003 cru CIDCACS/IIS
005 20180910083930.0
008 180910b1985 cr ||||| |||| 00| 0 spa d
999 |c 41660  |d 41660 
040 |c cru CIDCACS/IIS 
090 |a REV0750 (1) 1985 
100 1 |9 7660  |a Richard, Pablo 
245 1 |a Teología de la Solidaridad:  |b Una visión internacional 
260 |a San José, Costa Rica  |b DEI  |c 1985 
300 |a 8-9 páginas 
650 1 0 |9 3285  |a TEOLOGIA DE LA LIBERACION 
650 1 0 |9 5214  |a SOLIDARIDAD 
650 1 0 |9 284  |a POBREZA 
650 1 0 |9 1862  |a CRISTIANISMO 
773 0 |0 41641  |9 2226  |a Departamento Ecuménico de Investigaciones (DEI)  |d San José, Costa Rica Departamento Ecuménico de Investigaciones (DEI)  |o 20018  |t Pasos / 
942 |2 ddc  |c PP